Assessing iron age marsh-forts : with reference to the stratigraphy and palaeoenvironment surrounding the Berth, North Shropshire /
This volume assesses marsh-forts as a separate phenomenon within Iron Age society through an understanding of their landscape context and palaeoenvironmental development. These substantial monuments appear to have been deliberately constructed to control areas of marginal wetland and may have played...
المؤلف الرئيسي:
التنسيق: كتاب الكتروني
اللغة: English
منشور في:
Oxford :
Archaeopress Archaeology,
2021.
الموضوعات:
الوصول للمادة أونلاين: Login to view Source
الوسوم: إضافة وسم
رقم الطلب: DA670.S4
| LEADER | 02123nam a2200421 i 4500 | ||
|---|---|---|---|
| 001 | EDZ0002655521 | ||
| 003 | StDuBDS | ||
| 005 | 20230412183021.0 | ||
| 006 | m|||||o||d|||||||| | ||
| 007 | cr ||||||||||| | ||
| 008 | 210525s2021 enkab fob 000|0|eng|d | ||
| 020 | |a 9781789698640 (PDF ebook) : |c No price | ||
| 040 | |a StDuBDS |b eng |c StDuBDS |e rda |e pn | ||
| 050 | 4 | |a DA670.S4 | |
| 082 | 0 | 4 | |a 936.245 |2 23 |
| 100 | 1 | |a Norton, Shelagh, |e author. | |
| 245 | 1 | 0 | |a Assessing iron age marsh-forts : |b with reference to the stratigraphy and palaeoenvironment surrounding the Berth, North Shropshire / |c Shelagh Norton. |
| 264 | 1 | |a Oxford : |b Archaeopress Archaeology, |c 2021. | |
| 300 | |a 1 online resource (viii, 211 pages) : |b illustrations (black and white, and colour), maps (black and white) | ||
| 336 | |a text |2 rdacontent | ||
| 336 | |a still image |2 rdacontent | ||
| 336 | |a cartographic image |2 rdacontent | ||
| 337 | |a computer |2 rdamedia | ||
| 338 | |a online resource |2 rdacarrier | ||
| 500 | |a Also issued in print: 2021. | ||
| 504 | |a Includes bibliographical references. | ||
| 520 | 8 | |a This volume assesses marsh-forts as a separate phenomenon within Iron Age society through an understanding of their landscape context and palaeoenvironmental development. These substantial monuments appear to have been deliberately constructed to control areas of marginal wetland and may have played an important role in the ritual landscape. | |
| 521 | |a Specialized. | ||
| 588 | |a Description based on online resource; title from PDF title page (viewed on November 30, 2021). | ||
| 650 | 0 | |a Iron age |z England |z North Shropshire. | |
| 650 | 0 | |a Fortification, Prehistoric |z England |z North Shropshire. | |
| 650 | 0 | |a Excavations (Archaeology) |z England |z North Shropshire. | |
| 651 | 0 | |a North Shropshire (England) |x Antiquities. | |
| 776 | 0 | 8 | |i Print version : |z 9781789698633 |
| 856 | 4 | 0 | |3 Archaeopress |u http://library.arce.org:8087/Archaeopress/Products/9781789698633 |
| 942 | |2 lcc |c EBOOK | ||
| 952 | |0 0 |1 0 |4 0 |6 DA0670 S4 |7 1 |9 46799 |a ARCH |b ARCH |d 2023-04-12 |l 0 |o DA670.S4 |r 2023-04-12 00:00:00 |w 2023-04-12 |y EBOOK | ||
| 999 | |c 52457 |d 52457 | ||
